| 000 | 00448pam a2200145 a 4500 | ||
|---|---|---|---|
| 020 | _a0132377780 (pbk.) | ||
| 082 | 0 | 0 |
_a624.1/71 _bROS |
| 100 | 1 |
_aRoss, C. T. F., _99085 |
|
| 245 | 1 | 0 |
_aMechanics of solids / _cC.T.F. Ross. |
| 260 |
_aLondon ; _aNew York : _bPrentice Hall, _c1996. |
||
| 300 |
_axix, 456 p. : _bill. ; _c24 cm. |
||
| 526 |
_a0 _b0 _c0 _d624_000000000000000_171ROS |
||
| 650 | 0 |
_aStructural analysis (Engineering) _9654 |
|
| 942 |
_2ddc _cBK |
||
| 999 |
_c546542 _d546542 |
||